000 00999nam a22002657a 4500
999 _c6549
_d6549
003 OSt
005 20200219104433.0
008 200218s2012 mx |||br|||| 00| j spa d
020 _a9786074042740
040 _aCO-JMCR
_cCO-JMCR
041 1 _aspa
_heng
082 0 4 _aC /
_bCUEc
245 _aCuentos inolvidables /
_ctraducción, Samantha Caballero de Moral
260 _aMéxico :
_bSilver Dolphin,
_c2012
300 _a145 páginas :
_bprincipalmente ilustraciones a color ;
_c22 cm.
490 0 _aUn tesoro de cuentos
500 _aTítulo original: Classic Storybook
505 _aDumbo -- El día de campo de Mickey -- Reina -- Blanca Nieves y los Siete Enanos -- Peter Pan -- Bambi -- La Cenicienta -- Alicia en el país de las maravillas
521 _a5 años en adelante.
546 _aTraducido del inglés
650 1 4 _aCuentos infantiles
_9711
650 1 4 _aCuentos clásicos infantiles
_9724
700 1 _aCaballero de Moral, Samantha,
_etraductora
_9712
942 _2ddc
_cBK